[Event "45th Olympiad 2024"]
[Site "Budapest HUN"]
[Date "2024.09.14"]
[Round "4.34"]
[Board "3"]
[White "Mertens, Marc"]
[Black "Wafa, Hamed"]
[Result "0-1"]
[WhiteElo "2120"]
[BlackElo "2368"]
[PlyCount "118"]
[EventDate "2024.09.11"]
[WhiteTeam "Luxembourg"]
[BlackTeam "Egypt"]
[WhiteTeamCountry "LUX"]
[BlackTeamCountry "EGY"]

1. e4 e5 2. Nf3 Nc6 3. Bb5 a6 4. Ba4 Nf6 5. O-O d6 6. Re1 Bd7 7. c3 g6 8. d4 Bg7 9. dxe5 Nxe5 10. Nxe5 dxe5 11. Bxd7+ Qxd7 12. Qxd7+ Nxd7 13. Be3 O-O-O ({RR} 13... f5 14. f3 Kf7 15. Nd2 Ke6 16. a4 b5 17. Nb3 bxa4 18. exf5+ gxf5 19. Nd4+ Kf6 20. Nc6 Rhe8 21. Rxa4 Nb6 22. Rh4 Kg6 23. g4 Re6 24. gxf5+ Kxf5 25. Rh5+ Kg6 26. Rg5+ Kf7 27. Bxb6 Rxc6 28. Be3 {0-1 Kovalev,V (2561)-Abdusattorov,N (2766) Chess.com Classic Play-In 2024 (3.13)}) 14. Na3 Bf8 $146 ({RR} 14... f5 15. Nc4 f4 16. Bc1 Nc5 17. f3 Rd7 18. b3 b5 19. Na5 Nd3 20. Rd1 c5 21. Kf1 Kc7 22. b4 c4 23. a4 Rhd8 24. Ba3 Bf6 25. Ra2 Bh4 26. Rad2 Bf2 27. Ke2 Be3 28. Ra2 Nf2 29. Rxd7+ {0-1 Babazada,K (2474)-Grandelius,N (2660) ChessKid Cup Play-In 2023 (3.30)}) ({RR} 14... b5 15. Nc2 Kb7 16. a4 Nb6 17. axb5 axb5 18. Ra5 c6 19. Rea1 Nc8 20. g3 Bf8 21. Bg5 Re8 22. c4 bxc4 23. Bf6 Rg8 24. Bxe5 c5 25. f4 Re6 26. Ra8 Bd6 27. Ne3 Bxe5 28. fxe5 Rxe5 29. Nxc4 {½-½ Jackson,E (2156)-Eugene,F (2427) SixDays July IMA 2024 (7.3)}) ({RR} 14... Nf8 15. Rad1 Ne6 16. Nc4 Rxd1 17. Rxd1 Rd8 18. Rxd8+ Nxd8 19. Kf1 Kd7 20. Ke2 f6 21. f3 Ne6 22. g3 Bf8 23. Bf2 Bc5 24. Be3 b5 25. Bxc5 Nxc5 26. Ne3 c6 27. b3 Ke6 28. Nd1 Nd7 29. Nf2 {½-½ Barcza,G-Gereben,E HUN-ch08 Budapest 1952 (9)}) 15. Nc4 b5 16. Na5 Nc5 17. Nc6 Re8 18. Bxc5 Bxc5 19. Rad1 Re6 20. Na5 Rf6 21. Re2 Bb6 22. Nb3 g5 23. Kf1 g4 24. Rd3 h5 25. Ke1 h4 26. Nd2 Rhh6 27. f3 Rf4 28. fxg4 Rxg4 29. Rf3 f6 30. h3 Rg7 31. Rd3 Rd7 32. Rxd7 Kxd7 33. Nf3 Ke6 34. Nh2 Bc5 35. Ng4 Rg6 36. Rd2 Rg8 37. Rd5 Bb6 38. Rd3 Bc5 39. Rd5 Be7 40. Ke2 c6 41. Rd3 a5 42. Rf3 b4 43. Kd3 Rb8 44. Kc2 a4 45. c4 Rd8 46. Rd3 f5 47. exf5+ Kxf5 48. Rf3+ Ke6 49. Re3 Bd6 50. c5 Bc7 51. Re4 Rd4 52. Rxd4 exd4 53. Kd3 Kd5 54. Nh6 Kxc5 55. Nf5 Bd8 56. Nxd4 Bf6 57. Nf3 Bxb2 58. Nxh4 b3 59. axb3 a3 0-1

[Event "45th Olympiad 2024"]
[Site "Budapest HUN"]
[Date "2024.09.14"]
[Round "4.34"]
[Board "4"]
[White "Sadek, Sameh"]
[Black "Gengler, Pierre"]
[Result "1-0"]
[WhiteElo "2269"]
[BlackElo "2097"]
[PlyCount "77"]
[EventDate "2024.09.11"]
[WhiteTeam "Egypt"]
[BlackTeam "Luxembourg"]
[WhiteTeamCountry "EGY"]
[BlackTeamCountry "LUX"]

1. d4 g6 2. e4 Bg7 3. Nc3 d6 4. f4 c5 5. dxc5 Bxc3+ 6. bxc3 Nf6 ({RR} 6... dxc5 7. Qf3 Nc6 8. Bc4 Na5 9. Bd3 b6 10. c4 Nf6 11. Bd2 O-O 12. e5 Bb7 13. Qe2 Nh5 14. Nh3 e6 15. Qf2 Nc6 16. O-O-O Qe7 17. g4 Nb4 18. gxh5 Bxh1 19. Rxh1 Nxd3+ 20. cxd3 b5 21. Ng5 {1-0 Vocaturo,D (2609)-Docx,S (2442) Gibraltar Masters 16th 2018 (3)}) ({RR} 6... Qa5 7. Qd4 Nf6 8. Qb4 Qxb4 9. cxb4 Nxe4 10. cxd6 Nxd6 11. Nf3 O-O 12. c4 Bf5 13. c5 Ne4 14. Bc4 a5 15. b5 Nxc5 16. O-O Bd3 17. Bxd3 Nxd3 18. Be3 Nd7 19. Rfd1 N3c5 20. Ne5 Nxe5 21. Bxc5 {1-0 Womacka,M (2409)-Kostiukov,A (2271) Titled Tue 24th Jan Late 2023 (6)}) 7. e5 $146 ({RR} 7. cxd6 Qa5 8. e5 Ne4 9. Qd3 Nc6 10. Bb2 Qb6 11. Qxe4 Qxb2 12. Rd1 Qxc3+ 13. Rd2 Bf5 14. Qf3 Qc5 15. Qf2 Qb4 16. Nf3 exd6 17. Bd3 Bxd3 18. cxd3 Qb1+ 19. Rd1 Qb4+ 20. Rd2 Qb1+ 21. Rd1 Qb4+ {1-0 Maus,S (2425)-Mista,A (2165) Wichern op 3rd 1995 (7)}) 7... dxe5 8. Qxd8+ Kxd8 9. fxe5 Nfd7 10. e6 fxe6 11. Be3 Nc6 12. Nf3 h6 13. h4 Ke8 14. h5 g5 15. Bd3 Kf8 16. Nd4 Nd8 17. Bg6 Nf6 18. Nf3 Nc6 19. Bd4 Nxd4 20. cxd4 Bd7 21. Ne5 Be8 22. Rb1 b6 23. cxb6 axb6 24. Rxb6 Rxa2 25. O-O Kg7 26. Rxe6 Ra7 27. Bxe8 Rxe8 28. Rfxf6 exf6 29. Rxe8 fxe5 30. Rxe5 Rf7 31. c4 Rf4 32. Rd5 Kf7 33. c5 Ke7 34. c6 Rf6 35. c7 Rc6 36. Rc5 Rxc5 37. dxc5 Kd7 38. Kf2 Kxc7 39. Ke3 1-0

[Event "45th Olympiad 2024"]
[Site "Budapest HUN"]
[Date "2024.09.14"]
[Round "4.35"]
[Board "1"]
[White "Sadorra, Julio Catalino"]
[Black "Bagheri, Amir"]
[Result "1-0"]
[WhiteElo "2542"]
[BlackElo "2372"]
[PlyCount "101"]
[EventDate "2024.09.11"]
[WhiteTeam "Philippines"]
[BlackTeam "Monaco"]
[WhiteTeamCountry "PHI"]
[BlackTeamCountry "MNC"]

1. d4 Nf6 2. c4 e6 3. Nc3 Bb4 4. e3 d5 5. a3 Bxc3+ 6. bxc3 c5 7. cxd5 Nxd5 8. Qc2 ({RR} 8. c4 Nf6 9. Nf3 O-O 10. Bb2 Qc7 11. Bd3 b6 12. d5 exd5 13. Bxf6 gxf6 14. cxd5 Rd8 15. Qa4 Rxd5 16. Be4 Bb7 17. Bxd5 Bxd5 18. Rd1 Bc6 19. Qg4+ Kh8 20. Qg3 Qxg3 21. hxg3 Nd7 22. Rd6 Rc8 {1-0 Sarana,A (2685)-Rodshtein,M (2606) ChessKid Cup Play-In 2023 (8.50)}) ({RR} 8. Bb2 Qa5 9. Nf3 cxd4 10. exd4 O-O 11. Bd3 Nf6 12. O-O Nbd7 13. c4 b6 14. Qb3 Bb7 15. Ne5 Nxe5 16. dxe5 Nd7 17. Bc3 Qc5 18. Bb4 Qc6 19. f3 Rfd8 20. Be4 Qc8 21. Bxb7 Qxb7 22. Bd6 Qc6 {0-1 Sakhayi,M (2181)-Kandil,A (2276) Titled Tue 14th May Early 2024 (2)}) 8... Nd7 $146 ({RR} 8... f5 9. Nf3 Nc6 10. Bd3 O-O 11. O-O Kh8 12. Rd1 Qe7 13. a4 b6 14. e4 fxe4 15. Bxe4 h6 16. dxc5 bxc5 17. Ba3 Bb7 18. Rab1 Rf4 19. Bxd5 exd5 20. Bxc5 Qxc5 21. Rxb7 Raf8 22. Rb5 Qc4 23. Rbxd5 {0-1 Colon Romero,M-Chipev,T Olympiad-15 Final C 1962 (3)}) ({RR} 8... cxd4 9. exd4 Nc6 10. Nf3 Qc7 11. c4 Nde7 12. Bd3 h6 13. O-O O-O 14. Bb2 Qa5 15. Bc3 Qh5 16. Rfe1 Bd7 17. Rab1 b6 18. Rb5 f5 19. d5 Nd8 20. Rb2 Ng6 21. Ne5 Nxe5 22. Rxe5 Nf7 23. Re3 {½-½ Pankovic,J (2043)-Kopnicky,F (1995) SVK-chT2D 0708 2007 (4.57)}) 9. e4 Ne7 10. Nf3 b6 11. Bd3 Bb7 12. O-O O-O 13. Bf4 Rc8 14. Qe2 Ng6 15. Be3 Qc7 16. g3 Nf6 17. Nd2 Rfd8 18. f3 Qe7 19. a4 cxd4 20. cxd4 Qc7 21. a5 Ne7 22. axb6 axb6 23. Rab1 Nd7 24. Nc4 Ba6 25. Rfc1 Bxc4 26. Bxc4 Qd6 27. Qb2 Ng6 28. Bb5 Ndf8 29. Kg2 Rxc1 30. Rxc1 Ne7 31. Be2 Nc6 32. Rc4 Na5 33. Rc2 h6 34. Qb5 Ng6 35. h4 Qb8 36. h5 Ne7 37. g4 f6 38. Rb2 Nac6 39. Qc4 Kf7 40. f4 Qc8 41. Rxb6 Kf8 42. Qc5 Qa8 43. Kf2 Rc8 44. Ra6 Qb7 45. Qa3 Qb1 46. d5 exd5 47. exd5 Nb4 48. d6 Ned5 49. d7 Rd8 50. Ra8 Ke7 51. Bc5+ 1-0

[Event "45th Olympiad 2024"]
[Site "Budapest HUN"]
[Date "2024.09.14"]
[Round "4.35"]
[Board "2"]
[White "Efimov, Igor"]
[Black "Quizon, Daniel"]
[Result "0-1"]
[WhiteElo "2338"]
[BlackElo "2490"]
[PlyCount "74"]
[EventDate "2024.09.11"]
[WhiteTeam "Monaco"]
[BlackTeam "Philippines"]
[WhiteTeamCountry "MNC"]
[BlackTeamCountry "PHI"]

1. Nf3 Nf6 2. d4 g6 3. g3 Bg7 4. Bg2 O-O 5. O-O d6 6. Re1 c5 7. Nc3 ({RR} 7. c4 Nc6 8. Nc3 cxd4 9. Nxd4 Nxd4 10. Qxd4 Be6 11. Qd3 Rc8 12. Nd5 Nxd5 13. cxd5 Bd7 14. h4 Qb6 15. Rb1 Bd4 16. e3 Bf6 17. Bd2 Bb5 18. Qa3 Qa6 {½-½ Andersson,U (2605)-Christiansen,L (2585) Interzonal-12c 1982 (11)}) 7... Nbd7 ({RR} 7... d5 8. dxc5 Na6 9. Nd4 Nxc5 10. Nb3 Nxb3 11. axb3 Be6 12. e4 dxe4 13. Nxe4 Qxd1 14. Rxd1 Rfd8 15. Bg5 Bf5 16. Bxf6 exf6 17. Re1 Rac8 18. c3 a6 19. b4 Bxe4 20. Bxe4 Rc7 21. Rad1 Rcd7 22. Rxd7 {1-0 Zvjaginsev,V (2572)-Samusenko,M (2427) VN Startsev Mem 2024 (6.3)}) ({RR} 7... Nc6 8. d5 Nb4 9. e4 e5 10. Nd2 Bd7 11. Nc4 b5 12. Ne3 Ne8 13. a4 a6 14. a5 f5 15. f3 Qc7 16. Qd2 c4 17. Ncd1 Qc5 18. Kh1 Nf6 19. Qc3 f4 20. Nf1 Nfxd5 21. exd5 e4 22. Qd2 {1-0 Efimov,I (2525)-Bancod,R (2400) Bratto op 18th 1998}) 8. d5 $146 ({RR} 8. e4) 8... a6 9. a4 Rb8 10. a5 b5 11. axb6 Nxb6 12. e4 Nc4 13. Qe2 Nb6 14. Bf4 Re8 15. Rad1 Bb7 16. h3 a5 17. Bf1 Qc8 18. Qd2 Ba6 19. Bxa6 Qxa6 20. b3 Rbd8 21. g4 a4 22. Nxa4 Nxa4 23. Ra1 Qc8 24. Rxa4 Nxg4 25. Kg2 Nf6 26. Qd3 e6 27. dxe6 Qxe6 28. Ra7 h6 29. Ra4 Qc8 30. Bg3 Qb7 31. Kh2 Rd7 32. Re3 Re6 33. Nd2 h5 34. f4 Bh6 35. Nf3 Rde7 36. e5 Nd5 37. exd6 Nxe3 0-1

[Event "45th Olympiad 2024"]
[Site "Budapest HUN"]
[Date "2024.09.14"]
[Round "4.35"]
[Board "3"]
[White "Bersamina, Paulo"]
[Black "Levacic, Damir"]
[Result "1-0"]
[WhiteElo "2425"]
[BlackElo "2097"]
[PlyCount "45"]
[EventDate "2024.09.11"]
[WhiteTeam "Philippines"]
[BlackTeam "Monaco"]
[WhiteTeamCountry "PHI"]
[BlackTeamCountry "MNC"]

1. e4 g6 2. d4 d6 3. Nc3 c6 4. Be3 Nf6 5. Qd2 b5 6. Bd3 Nbd7 7. Nf3 Qc7 8. O-O ({RR} 8. Bh6 Bxh6 9. Qxh6 b4 10. Ne2 Bb7 11. O-O-O c5 12. e5 c4 13. exf6 cxd3 14. Rxd3 Nxf6 15. Ng3 Rc8 16. Qd2 a5 17. Re1 O-O 18. Kb1 a4 19. Ng5 Bxg2 20. f3 h6 21. N5e4 Nxe4 22. fxe4 b3 {1-0 Santos Flores,A (2183)-Prohorov,O (2086) Titled Tue 9th Apr Late 2024 (3)}) 8... a6 ({RR} 8... Bb7 9. Ne2 Bg7 10. Ng3 Ng4 11. Bg5 h6 12. h3 Nxf2 13. Qxf2 hxg5 14. Nxg5 Bf6 15. Nf3 a6 16. a4 Rc8 17. axb5 cxb5 18. c3 e5 19. Ne2 O-O 20. Kh1 d5 21. exd5 Bxd5 22. dxe5 Nxe5 23. Nxe5 {1-0 Naiditsch,A (2724)-Libiszewski,F (2522) Corsica Masters op 17th rapid 2013 (7)}) 9. a4 $146 ({RR} 9. h3 Bb7 10. e5 dxe5 11. dxe5 Nxe5 12. Nxe5 Qxe5 13. Rfe1 Qc7 14. Bf4 Qb6 15. Qe2 O-O-O 16. a4 Nd7 17. Be4 e5 18. Bg5 f6 19. Bh4 Be7 20. axb5 axb5 21. Kh2 Rhe8 22. g4 Nc5 23. Bg2 Ne6 {0-1 Soumya,S (2300)-Pujari,R (2132) Maharashtra-chT 2013 (8)}) 9... Bb7 10. e5 b4 11. Ne2 dxe5 12. dxe5 Nd5 13. e6 fxe6 14. Ng5 Qd6 15. Ne4 Qc7 16. Nd4 Nxe3 17. Qxe3 Qe5 18. Nf3 Qd5 19. Rfd1 Bg7 20. Neg5 Bh6 21. Bxg6+ hxg6 22. Rxd5 exd5 23. Qe6 1-0

[Event "45th Olympiad 2024"]
[Site "Budapest HUN"]
[Date "2024.09.14"]
[Round "4.35"]
[Board "4"]
[White "Van Hoolandt, Patrick"]
[Black "Garcia, Jan Emmanuel"]
[Result "0-1"]
[WhiteElo "2036"]
[BlackElo "2380"]
[PlyCount "78"]
[EventDate "2024.09.11"]
[WhiteTeam "Monaco"]
[BlackTeam "Philippines"]
[WhiteTeamCountry "MNC"]
[BlackTeamCountry "PHI"]

1. d4 Nf6 2. c4 g6 3. Nc3 d5 4. cxd5 Nxd5 5. Bd2 Bg7 6. e4 Nb6 7. Be3 O-O 8. Bb5 c6 9. Be2 Be6 10. Nf3 Bc4 11. O-O N8d7 12. Rc1 Re8 13. b3 $146 ({RR} 13. Bg5 h6 14. Bh4 Nf6 15. Bxc4 Nxc4 16. Qe2 Nb6 17. Rfd1 g5 18. Bg3 Nh5 19. Be5 f6 20. Bg3 e6 21. Ne1 Nxg3 22. hxg3 f5 23. Nc2 Qe7 24. Re1 Qf7 25. Rcd1 Rad8 26. g4 fxe4 27. Nxe4 e5 {1-0 Aleksandrov,A (2569)-Kantans,T (2419) Vladimir Petrov Memorial op rapid 2014 (4)}) 13... Bxe2 14. Qxe2 e5 15. Rfd1 exd4 16. Bxd4 Qe7 17. Qc2 Rad8 18. a4 a5 19. h3 Bh6 20. Rb1 c5 21. Be3 Bxe3 22. fxe3 Ne5 23. Nh2 Qg5 24. Qe2 h5 25. Nb5 Qe7 26. Nf1 c4 27. Nc3 Rxd1 28. Qxd1 Rd8 29. Qc2 Qg5 30. bxc4 Nbxc4 31. Qe2 b6 32. Rb5 Qh4 33. Nd5 Rd6 34. Nf4 Kh7 35. g3 Qd8 36. Rd5 Qd7 37. Qd1 Rxd5 38. exd5 b5 39. axb5 Qxb5 0-1

[Event "45th Olympiad 2024"]
[Site "Budapest HUN"]
[Date "2024.09.14"]
[Round "4.36"]
[Board "1"]
[White "Khusenkhojaev, Mustafokhuja"]
[Black "Galaviz Medina, Sion Radamantys"]
[Result "1/2-1/2"]
[WhiteElo "2283"]
[BlackElo "2488"]
[PlyCount "94"]
[EventDate "2024.09.11"]
[WhiteTeam "Tajikistan"]
[BlackTeam "Mexico"]
[WhiteTeamCountry "TJK"]
[BlackTeamCountry "MEX"]

1. d4 {Sadorra,Julio} Nf6 2. c4 e6 3. g3 d5 4. Nf3 Be7 5. Bg2 O-O 6. Nc3 dxc4 7. Ne5 Nc6 8. Bxc6 bxc6 9. Nxc6 Qd7 10. Nxe7+ Qxe7 11. Qa4 c5 12. dxc5 Qxc5 13. Be3 Qc7 14. O-O-O Ng4 ({RR} 14... Bd7 15. Qa3 Rfc8 16. f3 a5 17. Rd2 Be8 18. Rhd1 Qb7 19. Bc5 Bc6 20. Rd4 Nd7 21. Be7 Nb6 22. e4 h6 23. Bc5 Nd7 24. Bd6 Bb5 25. g4 Ra6 26. h4 Rac6 27. Qxa5 Rb6 28. Nxb5 Rxb5 29. Qc3 {0-1 Ben Ari,Y (2437)-Tifferet,S (2307) TCh-ISR 2024 (7.14)}) 15. Rd2 ({RR} 15. Rd4 Nxe3 16. fxe3 Rb8 17. Rhd1 ({RR} 17. Rxc4 Qb7) 17... e5 18. Rxc4 Qb6) 15... Nxe3 16. fxe3 Qc5 ({RR} 16... Rb8 17. Rhd1 a5 ({RR} 17... e5 18. Nd5 Qb7 19. Qc6 Be6 20. Qxb7 Rxb7 21. Nc3) 18. Kb1 h6 19. Ka1 Rb4 20. Qc2 Rb8 ({RR} 20... Bb7 21. Rd7 Qb6 ({RR} 21... Qe5 22. Qd2) ({RR} 21... Qc5 22. Qd2) 22. Qd2) 21. Qe4 Bb7 22. Qd4 Ba8 23. e4 ({RR} 23. Qd6 Qa7) 23... Rfc8 24. Qf2 ({RR} 24. e5 Qb7 ({RR} 24... Qe7 25. h4) 25. Qf4 Qb6 26. h4) 24... Bc6 25. Qc5 Be8 26. Qxc7 Rxc7 27. Rd6 ({RR} 27. Rd8 Rcc8 28. Rxc8 Rxc8 29. Rd6) 27... Kf8 28. Ra6 Rc5 29. Ra7 Rbc8 30. Kb1 Rh5 31. h4 {1-0 Caruana,F (2822)-Nakamura,H (2777) Sinquefield Cup 6th 2018 (4)}) 17. Rhd1 $146 ({RR} 17. e4 Rb8 18. Rhd1 h6 19. Rd4 e5 20. Qxc4 Qb6 21. R4d2 Be6 22. Nd5 Bxd5 23. Qxd5 Rbc8+ 24. Kb1 Rfd8 25. Qb3 Rxd2 26. Rxd2 Qg1+ 27. Rd1 Qxh2 28. Qf3 Qh3 29. a3 {½-½ Shimanov,A (2581)-Isanzhulov,A (2408) Vladimir Dvorkovich Open 2023 (3.3)}) ({RR} 17. e4 Rb8 18. Rhd1 Bb7 19. Qd7 h6 20. Qd6 Qa5 21. Rd4 Rfc8 22. Qe7 Bc6 23. R1d2 e5 24. Rxc4 Bxe4 25. Rd7 Bg6 26. Rdc7 Rd8 27. Qc5 Qa6 28. Qc6 Rb6 29. Qa4 Rf6 30. b3 Qd6 31. Kb2 Qd2+ {0-1 Barseghyan,H (2519)-Gatineau,Y (2363) FRA-ch Accession 2019 (2)}) 17... Rb8 18. Rd8 Qxe3+ 19. Kc2 Bb7 20. Rxf8+ Rxf8 21. Qxc4 h5 22. Qd4 Qxd4 23. Rxd4 f5 24. b4 e5 25. Rd6 Bc8 26. Rd5 Re8 27. e3 h4 28. Kd2 hxg3 29. hxg3 Kh7 30. Rc5 a6 31. Na4 Bb7 32. Nb6 Be4 33. Nc4 Rd8+ 34. Ke1 Rd3 35. Rxe5 Rc3 36. Nd2 Rxe3+ 37. Kf2 Ra3 38. Nxe4 Rxa2+ 39. Kf3 fxe4+ 40. Rxe4 Kg6 41. Re5 Ra4 42. b5 axb5 43. Rxb5 Kf6 44. Rc5 g6 45. g4 Rb4 46. Kg3 g5 47. Rc6+ Ke5 1/2-1/2

[Event "45th Olympiad 2024"]
[Site "Budapest HUN"]
[Date "2024.09.14"]
[Round "4.36"]
[Board "2"]
[White "Cori Quispe, Kevin Joel"]
[Black "Karimov, Alisher"]
[Result "0-1"]
[WhiteElo "2461"]
[BlackElo "2240"]
[PlyCount "72"]
[EventDate "2024.09.11"]
[WhiteTeam "Mexico"]
[BlackTeam "Tajikistan"]
[WhiteTeamCountry "MEX"]
[BlackTeamCountry "TJK"]

1. e4 c5 2. Nc3 e6 3. Nf3 Nc6 4. Bb5 Nge7 5. O-O a6 6. Bd3 ({RR} 6. Bxc6 bxc6 7. d3 Ng6 8. e5 f6 9. Re1 Be7 10. b3 O-O 11. Bb2 fxe5 12. Nxe5 Nxe5 13. Rxe5 d6 14. Re3 e5 15. Ne4 Bf5 16. Qe2 Qd7 17. Re1 Bg6 18. a3 Rae8 19. b4 cxb4 20. axb4 Qb7 {1-0 Grischuk,A (2783)-Radjabov,T (2713) Beijing Sportaccord blitz 2013 (17)}) 6... Ng6 7. Re1 Be7 ({RR} 7... Bd6 8. a3 Qc7 9. Bf1 O-O 10. g3 b5 11. d3 Bb7 12. Bg2 f5 13. exf5 Rxf5 14. Be3 Nce5 15. Nxe5 Bxg2 16. Kxg2 Nxe5 17. f4 Qc6+ 18. Ne4 Ng6 19. Qf3 Bxf4 20. Nf6+ gxf6 21. Qxc6 dxc6 22. gxf4 {0-1 Bassani,E (1912)-Caceres Benitez,F (1574) 9th Floripa Open 2023 (3.116)}) 8. e5 $146 ({RR} 8. Bf1 Qc7 9. a3 O-O 10. Bc4 b5 11. Ba2 Bb7 12. d3 Bf6 13. Be3 Nce7 14. d4 cxd4 15. Nxd4 Rfd8 16. Qg4 Rac8 17. Rad1 Ne5 18. Qe2 N5c6 19. Rd2 Nxd4 20. Bxd4 Bxd4 21. Rxd4 Nc6 22. Rd2 Ne5 {1-0 Escobar Forero,A (2477)-Domingo Nunez,A (2392) Barcelona Sants op 21st 2019 (7)}) 8... Qc7 9. Bxg6 fxg6 10. b3 O-O 11. Bb2 Nd4 12. Nxd4 cxd4 13. Ne2 Qxe5 14. Bxd4 Qc7 15. c4 b6 16. Ng3 Bb7 17. Qe2 Rf7 18. f3 Bh4 19. Be5 Qc6 20. Rf1 Bxg3 21. Bxg3 Rf5 22. d4 h6 23. Rac1 Kh7 24. Rfd1 b5 25. d5 exd5 26. cxd5 Qb6+ 27. Bf2 Qd6 28. Rc5 Rc8 29. b4 Qf8 30. Qe4 Re8 31. Qc2 Qf7 32. a4 Bxd5 33. Rc3 Bc4 34. axb5 axb5 35. Re3 Rxe3 36. Bxe3 Bb3 0-1

[Event "45th Olympiad 2024"]
[Site "Budapest HUN"]
[Date "2024.09.14"]
[Round "4.36"]
[Board "3"]
[White "Ilkhomi, Jaloliddin"]
[Black "Ibarra Chami, Luis Fernando"]
[Result "1/2-1/2"]
[WhiteElo "2227"]
[BlackElo "2427"]
[PlyCount "84"]
[EventDate "2024.09.11"]
[WhiteTeam "Tajikistan"]
[BlackTeam "Mexico"]
[WhiteTeamCountry "TJK"]
[BlackTeamCountry "MEX"]

1. Nf3 Nf6 2. c4 e6 3. g3 d5 4. Bg2 dxc4 5. Qa4+ Bd7 6. Qxc4 c5 7. d4 ({RR} 7. Ne5 Qc8 8. O-O Nc6 9. Nxd7 Qxd7 10. Nc3 Be7 11. Qa4 Rc8 12. d3 O-O 13. Be3 Rfd8 14. Rac1 b6 15. Rfd1 h6 16. h3 Ne8 17. Nb5 Bf6 18. b3 Nd6 19. Nxd6 Qxd6 20. Bxc6 Qxc6 21. Qg4 Kf8 {½-½ Nakamura,H (2814)-Eljanov,P (2717) FIDE World Cup 2015 (5.2)}) 7... Nc6 ({RR} 7... b5 8. Qc2 Na6 9. Ne5 Rc8 10. Nxd7 Qxd7 11. dxc5 Bxc5 12. Qb3 O-O 13. O-O Rfd8 14. Bg5 Be7 15. Nc3 b4 16. Rfd1 Qc7 17. Na4 Qa5 18. Rxd8+ Rxd8 19. Be3 Nc7 20. Rc1 Ncd5 21. Bd4 h6 22. Nc5 {1-0 Novik,M (2411)-Krzywda,A (2208) Titled Tue 6th Aug Early 2024 (5)}) 8. Nc3 b5 $146 ({RR} 8... Qb6 9. dxc5 Qxc5 10. Qb3 Be7 11. Be3 Qb4 12. Qc2 Nd5 13. Bd2 Qc4 14. Rc1 Nxc3 15. Bxc3 Bb4 16. O-O Bxc3 17. bxc3 Rd8 18. Rfd1 Qc5 19. Nd2 O-O 20. Ne4 Qe7 21. c4 Nb4 22. Qb3 Bc6 23. Qa3 {½-½ Warmerdam,M (2638)-Brkic,A (2622) 24th European Teams 2023 (7.7)}) 9. Qd3 c4 10. Qc2 Rc8 11. Bg5 Be7 12. Bxf6 Bxf6 13. Nxb5 Qa5+ 14. Nc3 Nxd4 15. Nxd4 Bxd4 16. O-O Rc7 17. Rfd1 Qb6 18. e3 Bf6 19. Rd2 O-O 20. Qd1 Bc6 21. Bxc6 Qxc6 22. Rc1 Rb8 23. Qe2 h6 24. Rdc2 Qa6 25. Ne4 Qxa2 26. Nxf6+ gxf6 27. Qg4+ Kf8 28. Qd4 Kg7 29. Qg4+ Kf8 30. Qd4 Kg7 31. b4 Qa6 32. Rxc4 Rxb4 33. Rxc7 Rxd4 34. exd4 Qa2 35. Rd7 a5 36. d5 Qd2 37. Ra1 e5 38. d6 e4 39. Re7 f5 40. Re5 Kf6 41. Raxa5 Qd1+ 42. Kg2 Qf3+ 1/2-1/2

[Event "45th Olympiad 2024"]
[Site "Budapest HUN"]
[Date "2024.09.14"]
[Round "4.36"]
[Board "4"]
[White "Palma Villanueva, Miguel Tadeo"]
[Black "Kabilov, Amin"]
[Result "0-1"]
[WhiteElo "2266"]
[BlackElo "2212"]
[PlyCount "118"]
[EventDate "2024.09.11"]
[WhiteTeam "Mexico"]
[BlackTeam "Tajikistan"]
[WhiteTeamCountry "MEX"]
[BlackTeamCountry "TJK"]

1. e4 c5 2. Nf3 d6 3. d4 cxd4 4. Qxd4 Nc6 5. Bb5 Bd7 6. Bxc6 Bxc6 7. c4 Nf6 8. Nc3 g6 9. O-O Bg7 10. Qd3 ({RR} 10. h3 O-O 11. Qd3 Rc8 12. Be3 a6 13. Rac1 Nd7 14. b3 Qa5 15. Bd4 b5 16. Bxg7 Kxg7 17. cxb5 axb5 18. Nd4 Ne5 19. Qg3 b4 20. Nf5+ Kh8 21. Nxe7 bxc3 22. Nxc8 Rxc8 23. Qxc3 Qxc3 24. Rxc3 Ra8 {1-0 Postny,E (2597)-Golubovic,E (2025) Titled Tue 13th Feb Early 2024 (2)}) 10... Nd7 ({RR} 10... Ng4 11. h3 Ne5 12. Nxe5 Bxe5 13. Bh6 Qb6 14. Rab1 Rc8 15. Rfc1 Bd7 16. Nd5 Qd4 17. Qe2 f5 18. Be3 Qxe4 19. f3 Qh4 20. f4 e6 21. fxe5 exd5 22. e6 Ba4 23. b3 Qe4 24. Qd2 Bc6 25. cxd5 {1-0 Socko,B (2643)-Sutovsky,E (2657) EU-ch 11th playoffs rapid 2010 (2.1)}) 11. Rb1 $146 ({RR} 11. Nd4 Nc5 12. Qe3 O-O 13. b3 Qb6 14. Bb2 Ne6 15. Nce2 Rfe8 16. Rab1 Nxd4 17. Bxd4 Bxd4 18. Nxd4 e5 19. Nxc6 Qxe3 20. Ne7+ Rxe7 21. fxe3 {½-½ Belikov,V (2415)-Malisauskas,V (2505) Katowice op 1991 (6)}) ({RR} 11. Rd1 Qb6 12. Qe2 Nc5 13. Be3 Bxc3 14. bxc3 Bxe4 15. Ng5 Bf5 16. Bd4 h6 17. Bxh8 hxg5 18. Bd4 Qc7 19. Bxc5 Qxc5 20. Rd5 Qc6 21. Re1 Be6 22. Rxg5 Qxc4 23. Qxc4 Bxc4 24. a3 Kd7 25. f4 e6 {0-1 Liu,X (2423)-Lu,S (2615) Olongapo City Puregold op 2015 (3)}) 11... a5 12. b3 O-O 13. Bb2 Nc5 14. Qe3 e6 15. Nd4 Qe7 16. Ba3 Rac8 17. Bxc5 dxc5 18. Nxc6 Rxc6 19. e5 f6 20. f4 fxe5 21. fxe5 Rcc8 22. Nb5 Rxf1+ 23. Rxf1 Rd8 24. Kh1 Rf8 25. Rf3 Rf5 26. Rxf5 exf5 27. e6 Bf6 28. h3 b6 29. a3 Kg7 30. Nc3 Bxc3 31. Qxc3+ Qf6 32. Qe1 Kf8 33. b4 axb4 34. axb4 Ke7 35. bxc5 bxc5 36. Qa5 Qd4 37. Qc7+ Kxe6 38. Qxh7 Qd1+ 39. Kh2 Qd6+ 40. Kh1 Ke5 41. Qh4 Qd3 42. Qh8+ Ke4 43. Qa8+ Ke5 44. Qh8+ Ke4 45. Qa8+ Kf4 46. Qb8+ Kg5 47. Qe5 Qf1+ 48. Kh2 Qf4+ 49. Qxf4+ Kxf4 50. g3+ Ke3 51. Kg2 Kd4 52. Kf3 Kxc4 53. Kf4 Kd5 54. Kg5 c4 55. Kxg6 c3 56. h4 c2 57. h5 c1=Q 58. h6 Ke6 59. h7 Qc3 0-1

[Event "45th Olympiad 2024"]
[Site "Budapest HUN"]
[Date "2024.09.14"]
[Round "4.37"]
[Board "1"]
[White "Kantor, Gergely"]
[Black "Susilodinata, Andrean"]
[Result "0-1"]
[WhiteElo "2537"]
[BlackElo "2393"]
[PlyCount "94"]
[EventDate "2024.09.11"]
[WhiteTeam "Hungary C"]
[BlackTeam "Indonesia"]
[BlackTeamCountry "INA"]

1. e4 c6 2. d4 d5 3. e5 Bf5 4. h4 h5 5. c4 e6 6. Nc3 dxc4 7. Bxc4 Nd7 8. Nge2 Be7 9. g3 Bg4 10. O-O ({RR} 10. Bf4 Nh6 11. Qd3 b5 12. Bb3 Nc5 13. Qd1 Nxb3 14. axb3 b4 15. Bxh6 bxc3 16. Bxg7 cxb2 17. Rb1 Rg8 18. Bf6 Qd5 19. Rh2 Ba3 20. Bg5 Bf5 21. Nc3 Bb4 {0-1 Giri,A (2780)-Artemiev,V (2704) Goldmoney Asian Rapid KO 2021 (1.21)}) 10... Nh6 $146 ({RR} 10... Nb6 11. Bd3 Bf3 12. Be4 Bxe4 13. Nxe4 Nh6 14. Bxh6 Rxh6 15. Nf4 Nd5 16. Nh3 Qd7 17. Qf3 f6 18. Rab1 O-O-O 19. b4 Nxb4 20. Rfc1 Nd5 21. a4 Qc7 22. a5 a6 23. Rc2 Rd7 24. Qe2 Nb4 25. Rcb2 {½-½ Pichot,A (2647)-Paichadze,L (2504) 43rd Benasque Open 2024 (10.2)}) 11. Kg2 Nb6 12. Bd3 Qd7 13. a4 a5 14. f3 Bf5 15. Ne4 Nd5 16. Bd2 Bg6 17. Qc1 Nf5 18. Rd1 O-O 19. Nc5 Qc7 20. Be4 Rfd8 21. Bxf5 Bxf5 22. Bg5 f6 23. exf6 gxf6 24. Bf4 Qb6 25. Bh6 Kh7 26. Ra3 Qc7 27. Rb3 Bxc5 28. dxc5 e5 29. Be3 Nb4 30. Ra3 Rxd1 31. Qxd1 Rd8 32. Qg1 Qf7 33. Bc1 Qc4 34. Qf2 Nd3 35. Qe3 Nxc1 36. Nxc1 Qc2+ 37. Ne2 Rd2 38. Kf2 Bd3 39. Rxd3 Qxd3 40. Qxd3+ Rxd3 41. g4 Rb3 42. gxh5 Rxb2 43. Ke3 Rb4 44. Ng3 Rxa4 45. Ne4 f5 46. Nd6 Rb4 47. Nxf5 a4 0-1